Poistná matematika 1

Gespeichert in:
Bibliographische Detailangaben
1. Verfasser: Bilíková, Mária, 1951-
Körperschaft: Ekonomická univerzita v Bratislave. Fakulta hospodárskej informatiky
Weitere Verfasser: Sekerová, Viera
Format: Buch
Sprache:Slowakisch
Veröffentlicht: Bratislava Ekonóm 1997
Schlagworte:
Tags: Tag hinzufügen
Keine Tags, Fügen Sie das erste Tag hinzu!

MARC

LEADER 00000nam a2200000 4500
001 0069234
005 20181205145531.8
020 |a 80-225-0854-3 
041 0 |a slo 
044 |a SK 
245 1 0 |a Poistná matematika 1  |c Mária Bilíková - Viera Sekerová 
264 1 |a Bratislava  |b Ekonóm  |c 1997 
300 |a 131 s. 
610 2 0 |a matematika poistná 
610 2 0 |a poistenie 
610 2 0 |a poistenie osôb 
610 2 0 |a poisťovníctvo 
610 2 0 |a poisťovne 
610 2 0 |a matematika 
100 1 |a Bilíková, Mária, 1951- 
700 1 |a Sekerová, Viera 
710 2 |a Ekonomická univerzita v Bratislave. Fakulta hospodárskej informatiky